Name That Song - In 4 Lyrics #2 - Statistics

General Stats
  • This quiz has been taken 35 times
  • The average score is 4 of 14
Answer Stats
Hint Answer % Correct
...thrill of the fight. Eye of the Tiger
72%
...really wanna zigazig ah. Wannabe
59%
Sing us a song... Piano Man
50%
Even doves have pride. When Doves Cry
41%
...me a vegemite sandwich. Down Under
38%
I'm that bad type. Bad Guy
34%
...joker to the thief. All Along the Watchtower
31%
Lay down the boogie... Play That Funky Music
28%
...Op, Op, Op, Oppa... Gangnam Style
22%
...he can't read my... Poker Face
22%
Today is gonna be... Wonderwall
16%
Ridin' on a tractor. Old Town Road
13%
If I should stay... I Will Always Love You
9%
...that digs on me. Gold Digger
6%
No matching quizzes found
Score Distribution
Percent of People with Each Score
Percentile by Number Answered
Your Score History
You have not taken this quiz